Šampión jazdcov z povolania na rovine - Zdenko Šmida

Podrobná bibliografia
Hlavní autori: Pátek, Karol (Autor, Tazateľ), Šmid, Zdenko (Autor)
Médium: Článok
Jazyk:slovenčina
Fyzický popis:Fotogr.
ISSN:1337-1037
Predmet:

MARC

LEADER 00000nab a2200000 ar4500
001 vtls009482480
003 SK-MaSNL
005 20260303053317.0
008 090311c2009 xo zr|p|||||||000 b|slo
015 |a SNBRB2009/04  |2 snkbucl 
038 |a SNKBUCL 
040 |a SNKBUCL  |b slo  |c SNKBUCL  |e AACR2 
041 0 |a slo 
044 |a xo  |c SK 
080 |a 798.29.071  |2 2001 
100 1 |a Pátek, Karol  |4 ivr  |4 aut  |9 1017265 
245 1 0 |a Šampión jazdcov z povolania na rovine - Zdenko Šmida  |c [zhováral sa] Karol Pátek 
300 |b Fotogr. 
650 0 7 |a jazdectvo  |2 snkbucl  |9 3225 
650 0 7 |a Rovinné dostihy  |2 snkbucl  |9 1045700 
655 7 |a rozhovory  |2 snkbucl  |9 31831 
700 1 |a Šmid, Zdenko  |4 ive  |4 aut  |9 1045701 
773 0 |t Životný štýl a kôň  |g Roč. III, č. 2 (2009), s. 48-50  |x 1337-1037 
852 |a SNK  |b KIS3GCP 
999 |c 1718655  |d 1720585